ბათუმის შოთა რუსთაველის სახელმწიფო უნივერსიტეტის ბიბლიოთეკა

ირანის ისლამური რესპუბლიკის კონსტიტუციური სამართალი და პოლიტიკურ-რელიგიური ინსტიტუტები (ბიბ.ჩანაწერი № 51371)

000 -LEADER
fixed length control field 01776nam a2200301Ia 4500
001 - CONTROL NUMBER
control field 18354
003 - CONTROL NUMBER IDENTIFIER
control field GE_BSU
008 - FIXED-LENGTH DATA ELEMENTS--GENERAL INFORMATION
fixed length control field 181216s||||||||xx |||||||||||||| ||und||
020 ## - INTERNATIONAL STANDARD BOOK NUMBER
International Standard Book Number 9789941023231
040 ## - CATALOGING SOURCE
Transcribing agency GE_BSU
080 ## - UNIVERSAL DECIMAL CLASSIFICATION NUMBER
Universal Decimal Classification number 342.4(55) + 32(55)
100 ## - MAIN ENTRY--PERSONAL NAME
Personal name გურგენიძე, ვაჟა., გურგენიძე, მირანდა., ურთმელიძე, თამაზ.
245 ## - TITLE STATEMENT
Title ირანის ისლამური რესპუბლიკის კონსტიტუციური სამართალი და პოლიტიკურ-რელიგიური ინსტიტუტები
245 ## - TITLE STATEMENT
Remainder of title სახელმძღვანელო
245 ## - TITLE STATEMENT
Statement of responsibility, etc. რედ. და პროგრამის ხელმძღვ. ზ. ამილახვარი
250 ## - EDITION STATEMENT
Edition statement საქ. საერთაშ. ურთიერთ. უნ-ტი.
260 ## - PUBLICATION, DISTRIBUTION, ETC.
Place of publication, distribution, etc. თბილისი
260 ## - PUBLICATION, DISTRIBUTION, ETC.
Date of publication, distribution, etc. 2010.
300 ## - PHYSICAL DESCRIPTION
Extent 350გვ. ; 20სმ.
300 ## - PHYSICAL DESCRIPTION
Other physical details ტერმინების მოკლე განმარტება: გვ. 233.
300 ## - PHYSICAL DESCRIPTION
Accompanying material ბიბლიოგრ.: გვ. 229-232.
520 ## - SUMMARY, ETC.
Summary, etc. რეზ. ინგლ. და რუს
653 ## - INDEX TERM--UNCONTROLLED
Uncontrolled term ირანის ისლამური რესპუბლიკის კონსტიტუციური სამართალი და პოლიტიკურ-რელიგიური ინსტიტუტები
653 ## - INDEX TERM--UNCONTROLLED
Uncontrolled term ირანის კონსტიტუციური სამართალი;
653 ## - INDEX TERM--UNCONTROLLED
Uncontrolled term ირანის პოლიტიკურ-რელიგიური ინსტიტუტები
942 ## - ADDED ENTRY ELEMENTS (KOHA)
Koha item type წიგნი
ეგზემპლარები
Withdrawn status Lost status Damaged status Not for loan Date acquired Barcode Date last seen Price effective from Koha item type
        2018-12-17 46948 2018-12-17 2018-12-17 წიგნი
        2018-12-17 46949 2018-12-17 2018-12-17 წიგნი